Liberalizacija importa v Brazilii.
Spomalenie tempa ekonomického rastu v Brazílii 80. rokov. Nový ekonomický program Brazílie v 90. rokoch (privatizácia, liberalizácia importu, ..). Reformy colných taríf a program ich znižovania na hlavné druhy tovaru. Rušenie netarifných bariér. Podmienky pre export do Brazílie.
Gespeichert in:
| 1. Verfasser: | |
|---|---|
| Format: | Buchkapitel |
| Sprache: | Russisch |
| Schlagworte: | |
| Tags: |
Keine Tags, Fügen Sie das erste Tag hinzu!
|
MARC
| LEADER | 00000naa a2200000 4500 | ||
|---|---|---|---|
| 001 | r010489 | ||
| 005 | 20221130113257.0 | ||
| 041 | 0 | |a rus | |
| 044 | |a [SU] | ||
| 245 | 1 | 0 | |a Liberalizacija importa v Brazilii. |c I. Bunegina |
| 520 | |a Spomalenie tempa ekonomického rastu v Brazílii 80. rokov. Nový ekonomický program Brazílie v 90. rokoch (privatizácia, liberalizácia importu, ..). Reformy colných taríf a program ich znižovania na hlavné druhy tovaru. Rušenie netarifných bariér. Podmienky pre export do Brazílie. | ||
| 610 | 2 | 0 | |a tempo rastu hospodárskeho |
| 610 | 2 | 0 | |a Brazília |
| 610 | 2 | 0 | |a privatizácia |
| 610 | 2 | 0 | |a dovoz |
| 610 | 2 | 0 | |a vývoz |
| 610 | 2 | 0 | |a politika colná |
| 610 | 2 | 0 | |a liberalizácia |
| 100 | 1 | |a Bunegina, I. | |